Švédský kapitalismus s lidskou tváří

Charakteristika" Švédskeho štátu blahobytu". Model trhu práce. Vývoj miery nezamestnanosti vo Švédsku a vybraných krajinách. Kolektívne vyjednávanie vo švédskom modeli trhu práce. Aktívna politika trhu práce. Verejný sektor. Sociálne zabezpečenie. Režimy makroekonomickej politiky. Daňová politika a...

Descripción completa

Guardado en:
Detalles Bibliográficos
Autor principal: Körner, Pavel
Formato: Capítulo de libro
Lenguaje:checo
Materias:
Etiquetas: Agregar Etiqueta
Sin Etiquetas, Sea el primero en etiquetar este registro!

MARC

LEADER 00000naa a2200000 4500
001 r038639
005 20231002110843.8
041 0 |a cze 
044 |a CZ 
245 1 0 |a Švédský kapitalismus s lidskou tváří  |c Pavel Körner 
520 |a Charakteristika" Švédskeho štátu blahobytu". Model trhu práce. Vývoj miery nezamestnanosti vo Švédsku a vybraných krajinách. Kolektívne vyjednávanie vo švédskom modeli trhu práce. Aktívna politika trhu práce. Verejný sektor. Sociálne zabezpečenie. Režimy makroekonomickej politiky. Daňová politika a daňové reformy. 
610 2 0 |a vývoj hospodársky 
610 2 0 |a Švédsko 
610 2 0 |a ukazovatele ekonomické 
610 2 0 |a politika hospodárska 
610 2 0 |a sústava daňová 
610 2 0 |a nezamestnanosť 
610 2 0 |a dane 
610 2 0 |a inflácia 
610 2 0 |a trh práce 
610 2 0 |a politika zamestnanosti 
610 2 0 |a sektor verejný 
610 2 0 |a zabezpečenie sociálne 
610 2 0 |a štát sociálny 
100 1 |a Körner, Pavel